SAGE HANDBOOK OF COMPLEXITY AND MANAGEME (Record no. 22110)

MARC details
000 -LEADER
fixed length control field 00342nam a2200133Ia 4500
008 - FIXED-LENGTH DATA ELEMENTS--GENERAL INFORMATION
fixed length control field 240624s9999 xx 000 0 und d
041 ## - LANGUAGE CODE
Language code of text/sound track or separate title eng
082 ## - DEWEY DECIMAL CLASSIFICATION NUMBER
Classification number 658 ALL
100 ## - MAIN ENTRY--PERSONAL NAME
Personal name ALLEN PETER
245 ## - TITLE STATEMENT
Title SAGE HANDBOOK OF COMPLEXITY AND MANAGEME
260 ## - PUBLICATION, DISTRIBUTION, ETC.
Date of publication, distribution, etc. 2011
Place of publication, distribution, etc. Management
Name of publisher, distributor, etc. Sage Publications Ltd
300 ## - PHYSICAL DESCRIPTION
Extent 672 : p.
365 ## - TRADE PRICE
Currency code GBP
Price amount 38
Holdings
Withdrawn status Lost status Damaged status Not for loan Home library Current library Shelving location Date acquired Source of acquisition Cost, normal purchase price Full call number Barcode Date last seen Copy number Price effective from Koha item type
        IMTN IMTN Rack 22-A 11/28/2013 UBS 95.00 658 ALL 22110 06/24/2024 104.9 06/24/2024 Books
Designed & Maintained by: LRC IMT Nagpur Contact: lrc@imtnag.ac.in© 2024. All Rights Reserved.